[Event "FRA-ch U14 Girls"]
[Site "Montlucon"]
[Date "2011.04.18"]
[Round "3"]
[White "Banat, Rizlene"]
[Black "Parlas, Helin"]
[Result "1-0"]
[WhiteElo "1667"]
[BlackElo "1500"]
[PlyCount "65"]
[EventDate "2011.04.17"]
[EventType "swiss"]
[EventRounds "9"]
[EventCountry "FRA"]
[SourceTitle "CBM 142 Extra"]
[Source "ChessBase"]
[SourceDate "2011.06.27"]
[SourceVersion "1"]
[SourceVersionDate "2011.06.27"]
[SourceQuality "1"]

1. Nf3 e6 2. c4 c5 3. g3 g6 4. Bg2 Bg7 5. 0-0 Ne7 6. Nc3 Nbc6 7. d3 d5 8. cxd5 exd5 9. Bf4 a6 10. a3 0-0 11. Qc2 Be6 12. Ng5 Nd4 13. Qd1 Qb6 14. Nxe6 fxe6 15. Rb1 Nb3 16. Bg5 Bf6 17. Bxf6 Rxf6 18. Qc2 Nf5 19. Nxd5 Nfd4 20. Nxb6 Nxc2 21. Nxa8 Nd2 22. Rfd1 Nxb1 23. Rxb1 Nd4 24. e3 Nf3+ 25. Bxf3 Rxf3 26. Rc1 Rf5 27. Nb6 Kg7 28. Nd7 Rd5 29. Nxc5 Kh6 30. d4 Kg5 31. Nxe6+ Kg4 32. Kg2 Rb5 33. Rc5 1-0

[Event "FRA-ch U12 Girls"]
[Site "Aix les Bains"]
[Date "2009.04.21"]
[Round "4"]
[White "Parlas, Helin"]
[Black "Le Guennec, Nolwen"]
[Result "0-1"]
[WhiteElo "1340"]
[BlackElo "1480"]
[PlyCount "86"]
[EventDate "2009.04.19"]
[EventType "swiss"]
[EventRounds "9"]
[EventCountry "FRA"]
[SourceTitle "CBM 130 Extra"]
[Source "ChessBase"]
[SourceDate "2009.07.02"]
[SourceVersion "2"]
[SourceVersionDate "2009.07.15"]
[SourceQuality "1"]

1. e4 c5 2. c4 Nc6 3. g3 g6 4. Bg2 Bg7 5. Ne2 Nf6 6. Nbc3 0-0 7. 0-0 a6 8. a4 d6 9. h3 Bd7 10. f3 b5 11. d3 b4 12. Nd5 Nxd5 13. exd5 Nd4 14. f4 Qc8 15. Nxd4 Bxd4+ 16. Kh2 Rb8 17. Qe2 Re8 18. Qf3 a5 19. Qd1 Bf6 20. Rb1 Bf5 21. g4 Bd7 22. b3 e6 23. Bd2 Qc7 24. Qf3 exd5 25. Qxd5 Re2 26. Qf3 Rxd2 27. Qg3 g5 28. fxg5 Be5 29. Rf4 d5 30. Rbf1 Bxf4 31. Rxf4 Rxd3 32. Qf2 Rd4 33. Kh1 Qxf4 34. Qxf4 Rxf4 35. Bxd5 Rf2 36. h4 Re8 37. Kg1 Ra2 38. Kf1 Re3 39. h5 Rxb3 40. Be4 Rbb2 41. Bxh7+ Kh8 42. Ke1 Ra1+ 43. Bb1 Raxb1# 0-1